Mukmin sejati

Bibliographic Details
Main Author: Hassan Mahmud al-Hafiz 1948
Format: Book
Language:English
Published: Kuala Lumpur Al-Hidayah Publishers 1998
Subjects:
LEADER 00765cam a2200241 a 4500
001 0000131692
005 20120315090000.0
040 |a mod 
041 |a eng 
020 |a 9789830990989 
090 0 0 |a 297.22  |b HAS  |e 1998 
100 0 |a Hassan Mahmud al-Hafiz  |d 1948 
245 1 0 |a Mukmin sejati  |c Ustaz Hj. Hassan Mahmud Al-Hafiz 
260 |a Kuala Lumpur  |b Al-Hidayah Publishers  |c 1998 
300 |a 221 p.  |c 21 cm 
500 |a Contains verses from Koran 
650 0 0 |a Conduct of life 
650 0 0 |a Faith (Islam) 
650 0 0 |a Islamic ethics 
650 0 0 |a Islam  |x Doctrines 
852 0 0 |a 01 
999 |a B000017071  |b KDSI TG PENGELIH  |d BOOKS  |e Umum  |f KD SULTAN ISMAIL  |j AVAILABLE  |q GOOD CONDITION 
999 |a B000022434  |b TUDM KUANTAN  |d BOOKS  |e Umum  |f TUDM Kuantan  |j AVAILABLE  |q GOOD CONDITION